| 000 | 01014nam a22002657a 4500 | ||
|---|---|---|---|
| 999 |
_c19476 _d19476 |
||
| 003 | AR-CdUCM | ||
| 008 | 190517b ||||| |||| 00| 0 spa d | ||
| 040 |
_aMUNICIPALIDAD PROVINCIAL DEL CUSCO _cBIBLIOTECA MUNICIPAL DEL CUSCO |
||
| 041 | _hger | ||
| 082 |
_a190 / _bB74 |
||
| 100 |
_aBorn, Max _940821 |
||
| 245 | _a¿Donde estamos hoy? / | ||
| 260 |
_aMadrid : _bRevista de Occidente, _c1962. |
||
| 300 |
_a406 páginas ; _c19 cm. |
||
| 440 |
_aTribuna de la Revista de Occidente. _n4 _940822 |
||
| 505 | _aContenido: ¿Vivimos en una crisis cultural? -- El problema de la paz -- ¿Donde estamos hoy? -- Esperanza para esta hora -- El redescubrimiento del mundo -- Estamos en camino -- Entre el temor y la esperanza ... | ||
| 650 |
_aCambio _93544 |
||
| 650 |
_aFilosofía _9395 |
||
| 650 |
_aEsperanza _93624 |
||
| 700 |
_aBleiberg, Germán (traducción) _940823 |
||
| 700 |
_aBuber, Martín _96428 |
||
| 700 |
_aFreyer, Hans ... (coautores) _940824 |
||
| 942 |
_2ddc _cLIBROS |
||
| 945 |
_aachl _d2019-05-17 |
||